000 02128cam a2200385 4500
001 J122560
008 #DATE n2003 000 0 eng u
020 _a1904388159
035 _a(Sirsi) u122560
041 _aeng
050 _a333.33
_c18
100 _aLegrand, Christopher
245 _aChanging the homebuying process - home information packs and home condition reports
_ba CPD study pack
260 _aReading
_bCollege of Estate Management
_c2003
300 _a42p.
_c30cm. + 1 audio CD (ca. 60 min.)
350 _a48.50
490 _aCollege of Estate Management CPD Study Pack
520 _aMajor changes and opportunities for all involved in the residential property sales industry result from the contents of the draft Housing Bill. The Bill was published in March 2003 and is due for implementation in the next three years. This study pack looks at why, when and what changes are to be introduced and how they create a new career opportunity of Licensed Home Inspector. It examines the standards of competence and conduct required to be involved in this work and how high standards will be maintained. [CEM].
520 _aAccompanied by Owlion audio programme "Home information pack/home condition report: an educational aid for the residential property industry" which is also available to borrow separately (J122954).
520 _aSuperseded by 2005 edition (ISBN 1904388388).
650 _aHOME CONDITION REPORTS
650 _aHOME INFORMATION PACKS
650 _aPROPERTY-RESIDENTIAL PROPERTY-ACQUISITION AND DISPOSAL OF RESIDENTIAL PROPERTY
650 _aPROPERTY-RESIDENTIAL PROPERTY-ACQUISITION AND DISPOSAL OF RESIDENTIAL PROPERTY
690 _aPROPERTY-RESIDENTIAL PROPERTY-RESIDENTIAL PROPERTY MARKET
700 _aLand, Howard
700 _aCreffield, Paul
700 _aDunsmore-Hardy, Hugh
700 _aWoodward, David
710 _aCollege of Estate Management
_9400
710 _aRoyal Institution of Chartered Surveyors
_94900
710 _aSurveyors and Valuers Accreditation
_94232
710 _aUnited Kingdom
_bOffice of the Deputy Prime Minister
942 _n0
999 _c85428
_d85428